000 01410cam a22004097a 4500
001 000092019
003 CHAP
005 20221026142929.0
008 040614d2004 mx r 00110 spa d
010 _a88486
011 _a89458
035 _a100009
040 _cCHAP
090 _aTesis
100 0 0 _aFernández Guerrero, Vicente.
_940200
245 1 3 _aLa propiedad de interpretación fiducial de los intervalos de confianza bayesianos para el parámetro de la distribución Bernoulli /
_cpor Vicente Fernández Guerrero.
260 _aChapingo, Méx. :
_bEl autor,
_c2004.
300 _a72 h.
502 _aTesis (Lic. en Estadística) UACH. División de Ciencias Forestales
590 _aALEPH
_b10
_c20130110
590 _aBATCH-UPD
_b10
_c20130110
590 _aBATCH-UPD
_b10
_c20130410
590 _aBATCH-UPD
_b10
_c20130914
590 _aBATCH-UPD
_b10
_c20140324
590 _aBATCH-UPD
_b10
_c20141002
590 _aCONVERSION
_b10
_c20130109
590 _aE5765TAJ
_b10
_c20130624
650 1 4 _aEstadística
_xMetodología.
_938253
650 1 4 _aTeoría bayesiana.
_9112306
856 _3Finding aid
_uhttp://10.13.5.2/tesis/100009.pdf
_zTeclea aquí
901 _aBK
905 _aMayto Villalobos S.
942 _cCD
_2ddc
942 _n0
_2ddc
949 _aTesis
_bBC
_cTES
_d100009123
_eTS1
_h42087
_i100009
_sb
949 _aTesis
_bBC
_cTES
_d33724000926028
_eTS2
_fc.2
_h42088
_i100009
_sb
999 _c88486
_d88486